00948nam a2200217 i 4500001000300000245017600003246006900179260005600248300005000304500006600354504002100420650003700441650003700478700002400515020001500539040000800554041001100562080001800573008004100591856009800632bg00aDrugi raport IPCC oceniający zmiany klimatu 1995 :braport syntetyczny /cMiędzyrządowy Zespół ds. Zmian Klimatu ; [zespół red. pol. wyd. Anna Olecka et. al.]. iTyt. oryg.:aClimate change 1995 : IPCC second assessment report aWarszawa :b[Instytut Ochrony Środowiska],c1997. a90 s. :b2 mapy, rys., wykr. kolor. ;c30 cm. aOryg.: "Climate change 1995 : IPCC second assessment report". aBibliogr. s. 31. 9aKlimat a środowisko człowieka 9aŚrodowisko człowiekaxhigiena1 aOLECKA, Anna.eRed. a8385805389 cBPK1 aplhen a551.58:504.05 s pl f |000 0 pol  uhttp://koha.tu.koszalin.pl/cgi-bin/koha/opac-detail.pl?biblionumber=32230yKatalog online BPK